1196 1047 1923 1685 1778 1684 1814 1047 1200 1766 1093 1921 1896 1064 1181 1843 1502 1497 1730 1577 1610 1010 1413 1157 1082 1919 1812 1898 1894 1503 1963 1452 1237 1890 1130 1474 1727 1163 1543 1753 1242 1802 1511 1762 1663 1480 1611 1089 1882 1815 1446 1753 1773 1312 1235 1942 1737 1532 1443 1653 1558 1731 1064 1016 1800 1959 1118 1419 1626 1206 1796 1339 1891 1781 1163 1440 1566 1890 1992 1577 1736 1037 1245 1745 1187 1733 1098 1515 1942 1322 1729 1827 1934 1925 1622 1716 1036 1212 1208 BCNSPRNW ULIB Ver.6.0+V

เปลี่ยนเป็นภาษาไทย

Change to English
 แสดงรายละเอียดบรรณานุกรม
  กลับหน้าหลัก

Brief Record : Get Marc (ISO 2709) : E-mail record : QR code < ปิดหน้าต่าง
LEADER : 00000nam 2200000uu 4500
001    13399120446
003     ULIB
008    120920s2546||||th 000 0 tha d
020    ^a9746581201
060 04 ^aWB115^bว862อ 2546
245 00 ^aอายุรศาสตร์ประยุกต์^nเล่ม 1 /^cวุฒิเดช โอภาศเจริญสุข,อภิชาต สุคนธสรรพ์, บรรณาธิการ
250    ^aพิมพ์ครั้งที่ 1
260    ^aเชียงใหม่ :^bไอแอมออเกไนเซอร์,^c2546
300    ^a[12], 422 หน้า :^bภาพประกอบ ;^c29 ซม.
650  2 ^aMedicine
650  7 ^aอายุรศาสตร์ประยุกต์
650  7 ^aอายุรศาสตร์
650  7 ^aอายุรศาสตร์^vรวมเรื่อง
653    ^aผลงานอาจารย์คณะแพทยศาสตร์ศิริราชพยาบาล
700 0  ^aวุฒิเดช โอภาศเจริญสุข,^eบรรณาธิการ
700 0  ^aอภิชาต สุคนธสรรพ์,^eบรรณาธิการ
945    ^p320^l0^i24710
995    ^aกัณชพร
999 ^a ใช้งานได้ทุกระบบ
รายการนี้ยังไม่มีแท็ก
คุณยังไม่ได้ล็อกอิน คุณสามารถมีกิจกรรมร่วมกับเว็บไซต์ได้ แต่ต้องล็อกอินก่อน ::
  ล็อกอิน

รายการสื่อสารสนเทศ

ลำดับที่ ประเภท เลขเรียก/บาร์โค้ด สถานที่ สถานะ
1. วิทยาศาสตร์การแพทย์ และสุขภาพ
วิทยาศาสตร์การแพทย์ และสุขภาพ
WB115 ว862อ 2546  
  Barcode: 24710
ห้องสมุดวิทยาเขตสวรรค์ประชารักษ์
►หนังสือทั่วไป
บนชั้น

รายการใกล้เคียง
    หัวเรื่อง [Medicine]
    หัวเรื่อง [อายุรศาสตร์]

BibComment


ยังไม่เคยถูกคอมเมนท์

คอมเมนท์ทรัพยากรรายการนี้
  คอมเมนท์: อายุรศาสตร์ประยุ..


 Copyright 2026. Bcnsprnw @Library